| 000 | 00394cam a22001337a 4500 | ||
|---|---|---|---|
| 008 | 180718b2006 xxu||||| |||| 00| 0 eng d | ||
| 082 | _aA81x54 01/1PES | ||
| 100 | _aCensus of India 2001 | ||
| 245 | _aReport on post enumeration survey | ||
| 260 |
_aDelhi _bThe Controller of Publications _c2006 |
||
| 300 | _a67+p. | ||
| 440 | _aCensus of India 2001. Series-1, India | ||
| 650 | _aIndia - Census | ||
| 999 |
_c484823 _d484823 |
||